Principles of economics / (Record no. 414)

MARC details
000 -LEADER
fixed length control field 01515 a2200181 4500
005 - DATE AND TIME OF LATEST TRANSACTION
control field 20210414113906.0
008 - FIXED-LENGTH DATA ELEMENTS--GENERAL INFORMATION
fixed length control field 111214t xxu||||| |||| 00| 0 eng d
020 ## - INTERNATIONAL STANDARD BOOK NUMBER
International Standard Book Number 0673154920
050 ## - LIBRARY OF CONGRESS CALL NUMBER
Classification number HB171.5.C629
100 ## - MAIN ENTRY--PERSONAL NAME
Personal name Chisholm, Roger
245 ## - TITLE STATEMENT
Title Principles of economics /
Statement of responsibility, etc. Roger Chisholm and Marilu McCarty
250 ## - EDITION STATEMENT
Edition statement 2nd ed.
260 ## - PUBLICATION, DISTRIBUTION, ETC.
Place of publication, distribution, etc. Dallas:
Name of publisher, distributor, etc. Foresman and Company,
Date of publication, distribution, etc. 1981.
300 ## - PHYSICAL DESCRIPTION
Extent 806 p.:
Other physical details ill;
Dimensions 26 cm.
500 ## - GENERAL NOTE
General note Includes index.
505 ## - FORMATTED CONTENTS NOTE
Formatted contents note Contents: What is economics -- The Economic problem -- The Free market: Supply and demand -- Government's role in the economy -- National income accounting -- Business cycles -- Aggregate demand -- Aggregate supply and equilibrium -- Fiscal policy -- Money and the banking system -- Commercial banks and the creation of money -- Non-bank financial intermediaries -- Demand for money -- Money supply and monetary policy -- Inflation -- Unemployment -- The Theory of growth -- Growth and less developed countries -- International trade -- International finance -- International financial commercial policies and institutions -- Consumer demand and utility -- Measuring and using elasticity of demand -- Supply elasticity and government policy -- Perfect competiton: Costs and production decisions in the short run -- Monopoly -- The Marginal productivity theory of resource allocation -- Employing labour resources: Unions, work and wages -- Employing land, capital and entrepreneurial resources -- Alternative economic systems.
942 ## - ADDED ENTRY ELEMENTS (KOHA)
Source of classification or shelving scheme Library of Congress Classification
Koha item type Books
Holdings
Withdrawn status Lost status Source of classification or shelving scheme Damaged status Not for loan Home library Current library Shelving location Date acquired Total Checkouts Full call number Barcode Date last seen Copy number Price effective from Koha item type
    Library of Congress Classification     WISCONSIN INTERNATIONAL UNIVERSITY COLLEGE, GHANA - MAIN LIBRARY WISCONSIN INTERNATIONAL UNIVERSITY COLLEGE, GHANA - MAIN LIBRARY General Stacks 15/12/2011   HB171.5.C629 1279/11 15/12/2011 1 15/12/2011 Books

If you have any concerns or questions; kindly contact the library


© Powered by WIUC ICT DIRECTORATE